000 00566nam a2200217Ia 4500
003 OSt
005 20230415094506.0
008 210423s2011 xx 000 0 und d
020 _a9788131723739
040 _cAL
041 _aeng
082 _a658.403 RENB
_223
100 _aRENDER (Barry);others.
_988663
245 _aQuantitative analysis for management.
250 _a10
260 _aNew Delhi
_bPearson Education Pvt Ltd
_c2011
300 _axix,744
_bPB
365 _b599
_cINR
906 _aanalysis ; management. ; Quantitative
942 _2ddc
_cBK
999 _c159236
_d159236